Selecciones nacionales que ganaron el mundial - Estadísticas

Estadísticas generales
  • Esta prueba ha sido intentada 86 veces
  • La puntuación promedio es 8 de 8
Estadísticas de respuestas
Victorias Represetación % Correcto
4 Alemania
100%
3 Argentina
100%
5 Brasil
100%
1 España
99%
2 Francia
99%
1 Inglaterra
98%
4 Italia
95%
2 Uruguay
94%
No se encontraron pruebas coincidentes
Distribución de puntuación
Porcentaje de gente con cada puntuación
Porcentaje por número respondido
Historial de tus puntuaciones
No has intentado esta prueba.